| 000 | 00548cam a2200205 4500 | ||
|---|---|---|---|
| 001 | sa 68014296 | ||
| 003 | DLC | ||
| 005 | 20260227112630.0 | ||
| 008 | 700206s1963 ii a 00000 eng | ||
| 010 | _asa 68014296 //r84 | ||
| 025 | _aPL480:I-E-8872 | ||
| 050 | 0 |
_aQ180.I5 _bA53 |
|
| 110 | 2 | 0 | _aCouncil of Scientific & Industrial Research (India) |
| 245 | 1 | 0 |
_aCSIR activities, _ba survey. |
| 260 | 1 |
_a[New Delhi, _c1963] |
|
| 300 |
_aiv, 52 p. _billus. _c25 cm. |
||
| 350 | _aunpriced | ||
| 500 | _aCover title. | ||
| 650 | 0 |
_aResearch _zIndia. |
|
| 999 |
_c85671 _d85671 |
||